[Event "FIDE World Bl Team Final"]
[Site "London ENG"]
[Date "2025.06.15"]
[Round "2.2"]
[White "Svane, Rasmus"]
[Black "Firouzja, Alireza"]
[Result "0-1"]
[WhiteTitle "GM"]
[BlackTitle "GM"]
[WhiteElo "2626"]
[BlackElo "2766"]
[WhiteTeam "C2 Germany and Friends"]
[BlackTeam "A1 WR Chess Team"]
[WhiteFideId "4657101"]
[BlackFideId "12573981"]
[EventDate "2025.06.15"]
[EventType "team-k.o. (blitz)"]

1. Nf3 Nf6 2. g3 g6 3. Bg2 Bg7 4. O-O O-O 5. d4 d6 6. Re1 Nbd7 7. e4 e5 8. Nc3
a6 9. a4 b6 10. dxe5 dxe5 11. b3 Bb7 12. Qe2 Re8 13. Nd2 Bf8 14. Nc4 c6 15. Rd1
Qc7 16. Be3 b5 17. Nb2 Nc5 18. Qf3 Kg7 19. Bh3 b4 20. Bxc5 Bxc5 21. Ne2 a5 22.
Rac1 Rad8 23. Nd3 Bb6 24. c3 c5 25. cxb4 Bxe4 26. Qe3 c4 27. Nc5 Rxd1+ 28. Rxd1
axb4 0-1

[Event "FIDE World Bl Team Final"]
[Site "London ENG"]
[Date "2025.06.15"]
[Round "2.2"]
[White "Kollars, Dmitrij"]
[Black "Vachier-Lagrave, Maxime"]
[Result "0-1"]
[WhiteTitle "GM"]
[BlackTitle "GM"]
[WhiteElo "2633"]
[BlackElo "2736"]
[WhiteTeam "C2 Germany and Friends"]
[BlackTeam "A1 WR Chess Team"]
[WhiteFideId "12909572"]
[BlackFideId "623539"]
[EventDate "2025.06.15"]
[EventType "team-k.o. (blitz)"]

1. e4 c5 2. Nf3 d6 3. Bb5+ Bd7 4. Bxd7+ Qxd7 5. c4 Nc6 6. Nc3 g6 7. d4 cxd4 8.
Nxd4 Bg7 9. Be3 Nf6 10. f3 O-O 11. O-O Rfc8 12. b3 a6 13. Nxc6 Rxc6 14. Bd4 e5
15. Bf2 b5 16. Nd5 Nxd5 17. Qxd5 bxc4 18. bxc4 Rac8 19. Rac1 Qe6 20. Rcd1 Bf8
21. a3 Rxc4 22. Be1 Qxd5 23. Rxd5 R8c5 24. Rd3 a5 25. Bh4 f5 26. Bf2 fxe4 27.
fxe4 Rb5 28. Rf3 Rxe4 29. Bg3 Rb8 30. Rf7 Ra4 31. Ra7 Rxa3 32. Bh4 Ra4 33. Bg5
d5 34. Rd7 Rg4 35. h4 h6 36. Bf6 Rf4 37. Rxf4 exf4 38. Be5 Ra8 39. Rxd5 a4 40.
Rd2 a3 41. Ra2 g5 42. hxg5 hxg5 43. Kf2 Kf7 44. Kf3 Ke6 45. Bc3 Kf5 46. g4+ fxg3
47. Kxg3 Bd6+ 48. Kf2 Ke4 49. Bd2 g4 50. Bc1 Rh8 51. Re2+ Kf5 52. Kg1 Rc8 53.
Rf2+ Kg6 54. Be3 Bc5 55. Bxc5 Rxc5 0-1

[Event "FIDE World Bl Team Final"]
[Site "London ENG"]
[Date "2025.06.15"]
[Round "2.2"]
[White "Hou, Yifan"]
[Black "Wagner, Dinara"]
[Result "1/2-1/2"]
[WhiteTitle "GM"]
[BlackTitle "IM"]
[WhiteElo "2633"]
[BlackElo "2404"]
[WhiteTeam "A1 WR Chess Team"]
[BlackTeam "C2 Germany and Friends"]
[WhiteFideId "8602980"]
[BlackFideId "24157570"]
[EventDate "2025.06.15"]
[EventType "team-k.o. (blitz)"]

1. e4 c5 2. d4 cxd4 3. Qxd4 Nc6 4. Qd3 Nf6 5. Nf3 d6 6. Nc3 g6 7. Be2 Bg7 8. O-O
O-O 9. Nd5 Bd7 10. c3 Ng4 11. Bg5 Re8 12. Rad1 Nge5 13. Nxe5 Nxe5 14. Qe3 Bc6
15. f4 Nd7 16. Kh1 Bxd5 17. exd5 Qb6 18. Qd2 Nf6 19. Bh4 a6 20. Bf2 Qa5 21. b4
Qc7 22. Qd3 a5 23. a3 axb4 24. axb4 Ra3 25. Bd4 Nd7 26. Bxg7 Kxg7 27. Qd4+ f6
28. Bb5 Rea8 29. Rde1 Nf8 30. c4 Ra2 31. Qe4 Kf7 32. h3 Rb2 33. Rb1 Raa2 34.
Rxb2 Rxb2 35. Qe1 Qb6 36. Qc3 Ra2 37. Kh2 h5 38. Qb3 Rd2 39. Qc3 Ra2 40. Qd3 h4
41. c5 dxc5 42. Bc4 Ra8 43. d6+ e6 44. bxc5 Qxc5 45. Rb1 Rd8 46. Rxb7+ Rd7 47.
Rxd7+ Nxd7 48. Bb5 Nb6 49. d7 Nxd7 50. Qxd7+ Kf8 51. Be2 Qe3 52. Qd1 Qxf4+ 53.
Kh1 Kg7 54. Qd7+ Kh6 55. Qxe6 Qc1+ 56. Kh2 Qf4+ 57. Kg1 Qc1+ 58. Bf1 Qc5+ 59.
Kh1 Qf2 60. Qc4 Qg3 61. Qc1+ Kg7 62. Qd1 Qf2 63. Bd3 Qg3 64. Qe2 Qf4 65. Qe7+
Kh6 66. Qf8+ Kg5 67. Qc5+ Kh6 68. Qc2 Qg3 69. Qe2 Qf4 70. Be4 Qc1+ 71. Kh2 Qf4+
72. Kg1 Qc1+ 73. Kf2 Qf4+ 74. Bf3 Qd6 75. Qe3+ Kg7 76. Qe4 Qd2+ 77. Kg1 Qc1+ 78.
Kf2 Qd2+ 79. Be2 Qg5 80. Bd3 Qg3+ 81. Kg1 Qg5 82. Qe7+ Kh6 83. Qf8+ Kh7 84. Qf7+
Kh6 85. Qf8+ Kh7 86. Qe7+ Kh6 87. Qd6 Qc1+ 88. Kh2 Qg5 89. Qc7 Qd2 90. Be4 Qg5
91. Bf3 Qe3 92. Qc4 Qg5 93. Qg4 Qe5+ 94. Kg1 Qe1+ 95. Kh2 Qe5+ 96. Kg1 Qe1+ 97.
Kh2 Qe5+ 98. Kg1 1/2-1/2

[Event "FIDE World Bl Team Final"]
[Site "London ENG"]
[Date "2025.06.15"]
[Round "2.2"]
[White "Erigaisi, Arjun"]
[Black "Aronian, Levon"]
[Result "1-0"]
[WhiteTitle "GM"]
[BlackTitle "GM"]
[WhiteElo "2782"]
[BlackElo "2742"]
[WhiteTeam "D1 Team MGD1"]
[BlackTeam "B2 Hexamind Chess Team"]
[WhiteFideId "35009192"]
[BlackFideId "13300474"]
[EventDate "2025.06.15"]
[EventType "team-k.o. (blitz)"]

1. d4 Nf6 2. c4 e6 3. Nf3 b6 4. e3 Bb7 5. b3 Bb4+ 6. Bd2 Bxd2+ 7. Nbxd2 c5 8.
Bd3 O-O 9. O-O Nc6 10. Rc1 Qe7 11. Qe2 Rac8 12. Rfd1 cxd4 13. exd4 d5 14. h3
Rfd8 15. Qe3 dxc4 16. bxc4 Rc7 17. Re1 Qd6 18. Nb3 h6 19. Bb1 Qb4 20. Red1 Rcd7
21. Rc3 a5 22. Bc2 a4 23. a3 Qf8 24. Nc1 b5 25. cxb5 Ne7 26. Ne5 Ned5 27. Nxd7
Rxd7 28. Qd2 Nxc3 29. Qxc3 Qb8 30. Nd3 Ne4 31. Qb4 Rd5 32. Nc5 Nf6 33. Bxa4 Ba8
34. b6 Bb7 35. Nxb7 Qxb7 36. Rc1 Rd8 37. Bc6 Qa6 38. a4 Qd3 39. b7 Rb8 40. Qd6 1-0

[Event "FIDE World Bl Team Final"]
[Site "London ENG"]
[Date "2025.06.15"]
[Round "2.2"]
[White "Giri, Anish"]
[Black "Harikrishna, Pentala"]
[Result "1-0"]
[WhiteTitle "GM"]
[BlackTitle "GM"]
[WhiteElo "2748"]
[BlackElo "2707"]
[WhiteTeam "B2 Hexamind Chess Team"]
[BlackTeam "D1 Team MGD1"]
[WhiteFideId "24116068"]
[BlackFideId "5007003"]
[EventDate "2025.06.15"]
[EventType "team-k.o. (blitz)"]

1. e4 e5 2. Nf3 Nc6 3. Bb5 a6 4. Ba4 Nf6 5. O-O Be7 6. d3 b5 7. Bb3 d6 8. a4 b4
9. Nbd2 O-O 10. h3 h6 11. Nc4 Be6 12. Be3 Qc8 13. Re1 Rd8 14. a5 Rb8 15. Ba4
Bxc4 16. Bxc6 Bb5 17. Bxb5 Rxb5 18. c4 bxc3 19. bxc3 d5 20. Nxe5 dxe4 21. Nc6
Rd7 22. Na7 Qb7 23. Nxb5 Qxb5 24. d4 Bd6 25. Qe2 Qc6 26. c4 Bb4 27. Rec1 Qe6 28.
d5 Qe5 29. g3 h5 30. Rab1 Be7 31. Kg2 h4 32. g4 Bd6 33. Rh1 Rd8 34. Qb2 Qe7 35.
Qb7 Nd7 36. Qxa6 Qf6 37. c5 Qf3+ 38. Kg1 Nxc5 39. Qf1 Ra8 40. Qd1 Rxa5 41. Qxf3
exf3 42. Kf1 Ne4 43. g5 Rxd5 44. Rg1 Be7 45. Rg4 Nd2+ 46. Bxd2 Rxd2 47. Rxh4
Bxg5 48. Rb8+ Bd8 49. Re4 Kf8 50. Rb3 Rd1+ 51. Re1 Rxe1+ 52. Kxe1 Bf6 53. Rxf3
Be5 54. Rf5 Bd6 55. Ke2 g6 56. Rb5 Kg7 57. Kf3 Kf6 58. Ke4 Ke6 59. Rb1 c5 60.
Rb6 f5+ 61. Kd3 Kd5 62. Rb5 Be5 63. Ra5 Bd4 64. f3 Be5 65. Ra4 Bc7 66. Rc4 Ba5
67. Rc2 Bd8 68. Rc1 Bf6 69. Rc2 Be7 70. f4 Ke6 71. Rg2 Kf7 72. Kc4 Bd6 73. Rf2
Ke6 74. Rf3 Be7 75. Re3+ Kf7 76. Kd5 Bf8 77. Rf3 Be7 78. Rb3 Bf8 79. Rb7+ Kf6
80. Rc7 Be7 81. Rc6+ Kf7 82. Ke5 Bd8 83. Rxc5 Bf6+ 84. Kd5 Bb2 85. Rc7+ Kf6 86.
Rc6+ Kf7 87. Rb6 Bc3 88. Rb3 Ba1 89. Rb7+ Kf6 90. Rb1 Bc3 91. Rc1 Bb2 92. Rc2
Ba1 93. Ra2 Bc3 94. Kc4 Be1 95. Ra6+ Kf7 96. Kd4 Bd2 97. Ke5 Bc3+ 98. Kd5 Bb2
99. Ra7+ Kf6 100. Ra2 Bc3 101. Kc4 Be1 102. Kd4 Kf7 103. Rc2 Bh4 104. Rc7+ Kf8
105. Ke5 Kg8 106. Ke6 Kf8 107. Rb7 Kg8 108. Rd7 Kf8 109. Rh7 Bg3 110. Kf6 Kg8
111. Rg7+ Kh8 112. Kxg6 1-0

[Event "FIDE World Bl Team Final"]
[Site "London ENG"]
[Date "2025.06.15"]
[Round "2.2"]
[White "Anton Guijarro, David"]
[Black "Vidit, Santosh Gujrathi"]
[Result "0-1"]
[WhiteTitle "GM"]
[BlackTitle "GM"]
[WhiteElo "2642"]
[BlackElo "2720"]
[WhiteTeam "D1 Team MGD1"]
[BlackTeam "B2 Hexamind Chess Team"]
[WhiteFideId "2285525"]
[BlackFideId "5029465"]
[EventDate "2025.06.15"]
[EventType "team-k.o. (blitz)"]

1. c4 Nf6 2. Nf3 c5 3. Nc3 Nc6 4. d4 cxd4 5. Nxd4 e6 6. e4 Bb4 7. Nxc6 bxc6 8.
Bd3 e5 9. O-O O-O 10. Qc2 d6 11. Na4 d5 12. Bg5 h6 13. Bxf6 Qxf6 14. a3 dxc4 15.
axb4 cxd3 16. Qxd3 Rd8 17. Qc3 Ba6 18. Rfd1 Be2 19. Rd2 Bb5 20. Nc5 Rxd2 21.
Qxd2 Rd8 22. Qe1 Rd4 23. Rxa7 Qg5 24. Rd7 Rc4 25. h3 Rc2 26. b3 Re2 27. Qd1 Qf4
28. Rd8+ Kh7 29. Qf1 Rd2 30. Nd3 Qxe4 31. Nc5 Bxf1 32. Nxe4 Rxd8 33. Kxf1 Rd4
34. Nc5 Rxb4 35. Ke2 Rd4 36. Ke3 Kg6 37. g3 Kf6 38. f4 Rd5 39. Ne4+ Ke6 40. Nc3
exf4+ 41. gxf4 Rh5 0-1

[Event "FIDE World Bl Team Final"]
[Site "London ENG"]
[Date "2025.06.15"]
[Round "2.2"]
[White "Dominguez Perez, Leinier"]
[Black "Pranav, V"]
[Result "1-0"]
[WhiteTitle "GM"]
[BlackTitle "GM"]
[WhiteElo "2738"]
[BlackElo "2595"]
[WhiteTeam "B2 Hexamind Chess Team"]
[BlackTeam "D1 Team MGD1"]
[WhiteFideId "3503240"]
[BlackFideId "25060783"]
[EventDate "2025.06.15"]
[EventType "team-k.o. (blitz)"]

1. e4 e5 2. Nf3 Nc6 3. Bc4 Nf6 4. d3 Be7 5. O-O O-O 6. Re1 d6 7. a4 Be6 8. Bxe6
fxe6 9. c3 a5 10. Na3 Qd7 11. Nc4 h6 12. Bd2 Qe8 13. b4 Qg6 14. b5 Nb8 15. Qe2
Nbd7 16. d4 exd4 17. cxd4 Nh5 18. Rac1 b6 19. Nb2 Rac8 20. Nd3 Ndf6 21. h3 Nh7
22. Rc6 Bd8 23. g4 N5f6 24. Nf4 Qf7 25. e5 Nd5 26. Nxd5 exd5 27. Kg2 Be7 28.
Rec1 h5 29. Rxc7 Rxc7 30. Rxc7 hxg4 31. hxg4 Qe6 32. Nh2 Bh4 33. f4 Qg6 34. Rc6
Qb1 35. Rxd6 Qb3 36. Qf3 Qc2 37. Qxd5+ Kh8 38. Nf3 Be1 39. Qc6 Qa2 40. Qc3 Bxd2
41. Qxd2 Qxa4 42. Rxb6 Qb3 43. d5 a4 44. d6 a3 45. d7 Rd8 46. e6 Qa4 47. e7 1-0

[Event "FIDE World Bl Team Final"]
[Site "London ENG"]
[Date "2025.06.15"]
[Round "2.2"]
[White "Tsolakidou, Stavroula"]
[Black "Divya, Deshmukh"]
[Result "0-1"]
[WhiteTitle "IM"]
[BlackTitle "IM"]
[WhiteElo "2428"]
[BlackElo "2463"]
[WhiteTeam "D1 Team MGD1"]
[BlackTeam "B2 Hexamind Chess Team"]
[WhiteFideId "4264312"]
[BlackFideId "35006916"]
[EventDate "2025.06.15"]
[EventType "team-k.o. (blitz)"]

1. e4 c6 2. d4 d5 3. e5 Bf5 4. Nd2 e6 5. Nb3 Ne7 6. Nf3 Nd7 7. Be2 Bg4 8. O-O c5
9. c3 Nc6 10. Be3 cxd4 11. cxd4 a5 12. h3 Bxf3 13. Bxf3 a4 14. Nc1 a3 15. b3 Bb4
16. Ne2 O-O 17. Bg4 Qe7 18. f4 f5 19. Bf3 Rac8 20. g4 g6 21. g5 Na7 22. Qd3 Nb8
23. h4 Qd7 24. h5 Qb5 25. Qd1 Rc7 26. Rc1 Rfc8 27. Rxc7 Rxc7 28. Kg2 Qc6 29. Rh1
Nd7 30. hxg6 hxg6 31. Rh6 Nf8 32. Qh1 Rh7 33. Nc1 Rxh6 34. gxh6 Qc3 35. Kf2 Qb2+
36. Be2 Bd2 37. Bxd2 Qxd2 38. Nd3 Nb5 39. Qh4 Nxd4 40. Qe7 Qxe2+ 41. Kg3 Qf3+
42. Kh2 Qh5+ 43. Kg3 Qxh6 0-1

[Event "FIDE World Bl Team Final"]
[Site "London ENG"]
[Date "2025.06.15"]
[Round "2.2"]
[White "Anand, Viswanathan"]
[Black "Grischuk, Alexander"]
[Result "0-1"]
[WhiteTitle "GM"]
[BlackTitle "GM"]
[WhiteElo "2743"]
[BlackElo "2667"]
[WhiteTeam "B1 Freedom"]
[BlackTeam "D2 KazChess"]
[WhiteFideId "5000017"]
[BlackFideId "4126025"]
[EventDate "2025.06.15"]
[EventType "team-k.o. (blitz)"]

1. e4 c5 2. Nf3 e6 3. d4 cxd4 4. Nxd4 Nc6 5. Nc3 Nf6 6. Nxc6 bxc6 7. e5 Nd5 8.
Ne4 Bb7 9. Be2 c5 10. O-O Qc7 11. Nd6+ Bxd6 12. exd6 Qc6 13. f3 e5 14. c4 Nf4
15. Bxf4 exf4 16. Qd2 O-O 17. Qxf4 Rae8 18. Bd3 Re6 19. Rad1 g6 20. Bb1 Rfe8 21.
h3 Qb6 22. b3 a5 23. Rd2 Bc6 24. Be4 Kg7 25. Bxc6 Qxc6 26. Rd5 Re2 27. Rf2 Re1+
28. Kh2 R8e6 29. Qd2 Qb6 30. f4 f5 31. g4 fxg4 32. f5 R6e3 33. hxg4 Qd8 34. g5
Qe8 35. Qb2+ Kg8 36. f6 Kf7 37. Kg2 Qe4+ 0-1

[Event "FIDE World Bl Team Final"]
[Site "London ENG"]
[Date "2025.06.15"]
[Round "2.2"]
[White "Rapport, Richard"]
[Black "Le, Quang Liem"]
[Result "1-0"]
[WhiteTitle "GM"]
[BlackTitle "GM"]
[WhiteElo "2714"]
[BlackElo "2729"]
[WhiteTeam "D2 KazChess"]
[BlackTeam "B1 Freedom"]
[WhiteFideId "738590"]
[BlackFideId "12401137"]
[EventDate "2025.06.15"]
[EventType "team-k.o. (blitz)"]

1. Nc3 d5 2. e4 d4 3. Nce2 c5 4. Ng3 Nc6 5. Bc4 Na5 6. Bb5+ Bd7 7. a4 a6 8.
Bxd7+ Qxd7 9. d3 g6 10. f4 h5 11. Nf3 h4 12. Ne2 Nc6 13. Neg1 f5 14. Nh3 Nf6 15.
Qe2 fxe4 16. dxe4 O-O-O 17. Nhg5 e6 18. O-O Kb8 19. Ne5 Nxe5 20. fxe5 Nh5 21.
Nf7 Be7 22. Qg4 c4 23. Nxh8 Rxh8 24. Rf7 d3 25. Be3 dxc2 26. Qe2 Ng3 27. Qxc2
Bc5 28. Rxd7 Bxe3+ 29. Qf2 Bxf2+ 30. Kxf2 Nxe4+ 31. Ke3 Nc5 32. Rd6 Rf8 33. Rc1
Nxa4 34. Rxc4 b5 35. Rxh4 Nxb2 36. Rxa6 Nc4+ 37. Ke2 Re8 38. Rh7 Nxe5 39. Rb6+
Kc8 40. Ra7 Rh8 41. Rxb5 Rh5 42. Raa5 1-0

[Event "FIDE World Bl Team Final"]
[Site "London ENG"]
[Date "2025.06.15"]
[Round "2.2"]
[White "Sarana, Alexey"]
[Black "Esipenko, Andrey"]
[Result "0-1"]
[WhiteTitle "GM"]
[BlackTitle "GM"]
[WhiteElo "2686"]
[BlackElo "2689"]
[WhiteTeam "B1 Freedom"]
[BlackTeam "D2 KazChess"]
[WhiteFideId "24133795"]
[BlackFideId "24175439"]
[EventDate "2025.06.15"]
[EventType "team-k.o. (blitz)"]

1. d4 d5 2. c4 e6 3. Nc3 Be7 4. cxd5 exd5 5. Bf4 c6 6. Qc2 g6 7. Nf3 Nf6 8. e3
Bf5 9. Bd3 Bxd3 10. Qxd3 Nbd7 11. h3 O-O 12. O-O Nb6 13. Ne5 Nh5 14. Bh2 Bd6 15.
g4 Ng7 16. f4 f6 17. Nf3 Qd7 18. Rae1 Rae8 19. Re2 Bc7 20. b3 Nc8 21. e4 dxe4
22. Nxe4 Nb6 23. Rfe1 Nd5 24. Qc4 b5 25. Qc1 Ne6 26. f5 Bxh2+ 27. Rxh2 Nef4 28.
Nc5 Qd6 29. fxg6 hxg6 30. Ne4 Qd7 31. Nc5 Qf7 32. Qd2 Rxe1+ 33. Nxe1 Re8 34.
Ned3 g5 35. h4 Nxd3 36. Nxd3 Re4 37. hxg5 Rxd4 38. Qe2 fxg5 39. Rh5 Qg6 40. Ne5
Qf6 41. Qc2 Qxe5 42. Qg6+ Kf8 43. Qh6+ Kf7 44. Qh7+ Qg7 45. Qf5+ Nf6 46. Rxg5
Qh6 47. Qe5 Qxg5 48. Qxg5 Rxg4+ 0-1

[Event "FIDE World Bl Team Final"]
[Site "London ENG"]
[Date "2025.06.15"]
[Round "2.2"]
[White "Ansat, Aldiyar"]
[Black "Martirosyan, Haik M."]
[Result "1/2-1/2"]
[WhiteTitle "IM"]
[BlackTitle "GM"]
[WhiteElo "2489"]
[BlackElo "2635"]
[WhiteTeam "D2 KazChess"]
[BlackTeam "B1 Freedom"]
[WhiteFideId "13715658"]
[BlackFideId "13306553"]
[EventDate "2025.06.15"]
[EventType "team-k.o. (blitz)"]

1. e4 e5 2. Nf3 Nc6 3. Bb5 Nf6 4. d3 Bc5 5. Ba4 O-O 6. O-O d5 7. Nc3 d4 8. Ne2
Bd6 9. Bxc6 bxc6 10. b3 Nd7 11. Ng3 Nc5 12. Nd2 Ne6 13. Nc4 Ba6 14. Qg4 Bxc4 15.
bxc4 g6 16. Bh6 Re8 17. Rab1 Bf8 18. Bd2 Bg7 19. f4 exf4 20. Bxf4 Nxf4 21. Qxf4
Qe7 22. Rb7 Be5 23. Qg4 Kh8 24. Ne2 h5 25. Qf3 Kg7 26. Qf2 Qd7 27. Nc1 Re6 28.
Rb1 Rf6 29. Qe2 Rxf1+ 30. Qxf1 Re8 31. Nb3 Qd6 32. h3 Qd8 33. Nd2 Qd6 34. Kh1 c5
35. Qf2 Re6 36. Rf1 Rf6 37. Qe2 Rxf1+ 38. Qxf1 Qa6 39. Qb1 Qf6 40. Qf1 Qg5 41.
Qf2 Bg3 42. Qe2 Bf4 43. Nf1 Be5 44. Qe1 Qf4 45. Kg1 Qf6 46. Qa5 Bd6 47. Qxa7 g5
48. Qb7 Bf4 49. Qd5 Be3+ 50. Nxe3 dxe3 51. Qf5 Qa1+ 52. Kh2 f6 53. Qd7+ Kh6 54.
Qe7 g4 55. h4 g3+ 56. Kh3 Qh1+ 57. Kxg3 Qe1+ 58. Kh3 Qh1+ 59. Kg3 Qe1+ 60. Kh3 1/2-1/2

[Event "FIDE World Bl Team Final"]
[Site "London ENG"]
[Date "2025.06.15"]
[Round "2.2"]
[White "Injac, Teodora"]
[Black "Kamalidenova, Meruert"]
[Result "1-0"]
[WhiteTitle "IM"]
[BlackTitle "IM"]
[WhiteElo "2457"]
[BlackElo "2330"]
[WhiteTeam "B1 Freedom"]
[BlackTeam "D2 KazChess"]
[WhiteFideId "932400"]
[BlackFideId "13712802"]
[EventDate "2025.06.15"]
[EventType "team-k.o. (blitz)"]

1. d4 Nf6 2. Bg5 d5 3. Nd2 c5 4. dxc5 e6 5. e4 Nc6 6. Bd3 Bxc5 7. Ngf3 h6 8.
Bxf6 Qxf6 9. c3 O-O 10. Qe2 Ne5 11. Nxe5 Qxe5 12. Nf3 Qc7 13. O-O dxe4 14. Qxe4
f5 15. Qe2 Bd6 16. Rfe1 Bd7 17. Rad1 Rae8 18. Bc4 Rf7 19. Bb3 Kh7 20. Ne5 Rfe7
21. h4 a5 22. a3 a4 23. Ba2 Rf8 24. h5 Be8 25. Ng6 Bxg6 26. hxg6+ Kxg6 27. Qb5
Rf6 28. Qxa4 Kh7 29. Qb5 Rg6 30. Qd3 Qc6 31. Qh3 Bc5 32. Re2 f4 33. Kf1 Rg5 34.
Bb1+ g6 35. Be4 Qb5 36. b4 Bb6 37. Qd3 Kg7 38. Qxb5 Rxb5 39. c4 Rh5 40. Kg1 g5
41. c5 Bc7 42. Bxb7 g4 43. Bc6 f3 44. Red2 Bh2+ 45. Kf1 Bf4 46. gxf3 Bxd2 47.
Rxd2 gxf3 48. Bxf3 Rh3 49. Kg2 Rh4 50. c6 Kf6 51. b5 Rg7+ 52. Kf1 Rc4 53. Ke2
Rc3 54. Rb2 Ra7 55. b6 Raxa3 56. b7 Rxf3 57. b8=Q 1-0

[Event "FIDE World Bl Team Final"]
[Site "London ENG"]
[Date "2025.06.15"]
[Round "2.2"]
[White "Aiten, Islam"]
[Black "Mani, Sarbartho"]
[Result "0-1"]
[WhiteElo "1950"]
[BlackElo "1847"]
[WhiteTeam "D2 KazChess"]
[BlackTeam "B1 Freedom"]
[WhiteFideId "13749420"]
[BlackFideId "366112022"]
[EventDate "2025.06.15"]
[EventType "team-k.o. (blitz)"]

1. d4 d5 2. Nc3 Nf6 3. Bf4 e6 4. Nb5 Na6 5. e3 c6 6. Nc3 Nc7 7. Nf3 Bd6 8. Ne5
O-O 9. Bd3 Nce8 10. Qf3 Nd7 11. Qh3 f5 12. a3 Qc7 13. Qg3 Nxe5 14. dxe5 Be7 15.
Qh3 c5 16. g4 c4 17. Be2 Qb6 18. O-O-O fxg4 19. Bxg4 Nc7 20. Rhg1 Bd7 21. Bh5
Rxf4 22. exf4 Qxf2 23. Qg4 Bf8 24. Rg3 b5 25. Rdg1 a5 26. Nd1 Qc5 27. Qh4 Kh8
28. Qf6 Qxg1 29. Qf7 Qxh2 30. Qxd7 Qxg3 31. Qxc7 Qxf4+ 32. Kb1 Qg5 33. Bf7 Qe7
34. Qxe7 Bxe7 35. Bxe6 d4 36. Nf2 Rf8 37. Ne4 Rf1+ 38. Ka2 Re1 39. Bd5 h5 40.
Nd6 Bxd6 41. exd6 Re8 42. Bc6 Rd8 43. d7 h4 44. Bxb5 h3 45. Bxc4 h2 46. Bd5 Rxd7
47. Bg2 Rf7 48. Kb3 Rf2 49. Bd5 Rf1 50. Kc4 h1=Q 51. Bxh1 Rxh1 52. b4 axb4 53.
axb4 Rb1 54. b5 g5 55. Kc5 g4 56. Kxd4 Rxb5 57. c4 Rb4 0-1

[Event "FIDE World Bl Team Final"]
[Site "London ENG"]
[Date "2025.06.15"]
[Round "2.2"]
[White "Abdusattorov, Nodirbek"]
[Black "Nihal, Sarin"]
[Result "1-0"]
[WhiteTitle "GM"]
[BlackTitle "GM"]
[WhiteElo "2767"]
[BlackElo "2696"]
[WhiteTeam "C1 Uzbekistan"]
[BlackTeam "A2 Ashdod Elit Chess Club"]
[WhiteFideId "14204118"]
[BlackFideId "25092340"]
[EventDate "2025.06.15"]
[EventType "team-k.o. (blitz)"]

1. d4 d5 2. c4 e6 3. Nf3 Nf6 4. g3 Bb4+ 5. Bd2 a5 6. Qc1 O-O 7. Bg2 Be7 8. O-O
c6 9. Rd1 Nbd7 10. Bf4 b6 11. Nbd2 Ba6 12. Qc2 Nh5 13. Rac1 Rc8 14. Be3 f5 15.
Qb3 Kh8 16. cxd5 exd5 17. Ne5 Nxe5 18. dxe5 Bxe2 19. Re1 Bb5 20. a4 d4 21. axb5
dxe3 22. Qxe3 f4 23. Qe2 fxg3 24. hxg3 Bb4 25. Red1 Qd4 26. Nf3 Qg4 27. bxc6 Bc5
28. Rxc5 bxc5 29. Rd6 Nxg3 30. fxg3 Qxg3 31. Qf2 Qf4 32. Qxc5 Rb8 33. c7 Rxb2
34. c8=Q Rxg2+ 35. Kh1 Rg3 36. Qxf8+ Qxf8 37. Rd3 Qe8 38. Kh2 Rg4 39. e6 h6 40.
Qf5 Rb4 41. Ne5 Qb8 42. Kh3 Rb5 43. e7 Rb3 44. Qf8+ Kh7 45. Qxb8 Rxb8 46. Rd8 1-0

[Event "FIDE World Bl Team Final"]
[Site "London ENG"]
[Date "2025.06.15"]
[Round "2.2"]
[White "Moiseenko, Alexander"]
[Black "Sindarov, Javokhir"]
[Result "0-1"]
[WhiteTitle "GM"]
[BlackTitle "GM"]
[WhiteElo "2568"]
[BlackElo "2710"]
[WhiteTeam "A2 Ashdod Elit Chess Club"]
[BlackTeam "C1 Uzbekistan"]
[WhiteFideId "14102560"]
[BlackFideId "14205483"]
[EventDate "2025.06.15"]
[EventType "team-k.o. (blitz)"]

1. d4 Nf6 2. Bg5 c5 3. Nc3 e6 4. d5 h6 5. Bxf6 Qxf6 6. e4 a6 7. Nf3 d6 8. Be2 e5
9. a4 g6 10. Nd2 Bg7 11. Nc4 Nd7 12. Bg4 O-O 13. O-O Qe7 14. Bxd7 Bxd7 15. Nb6
Rab8 16. Ra3 f5 17. Rb3 Be8 18. a5 f4 19. Qg4 Rf6 20. Ra1 h5 21. Qh4 Bh6 22. f3
g5 23. Qf2 g4 24. Kf1 Rg6 25. Ne2 Bg5 26. c4 Kh7 27. Ke1 Bf7 28. Kd1 Rbg8 29.
Kc2 gxf3 30. Rxf3 Bh6 31. g3 Be8 32. Rf1 Rg4 33. Nc3 h4 34. Ne2 Bh5 35. Kb3 R4g7
36. Rd3 fxg3 37. hxg3 Rf7 38. Qe1 Rxf1 39. Qxf1 Rf8 40. Qg2 h3 41. Qh2 Rf1 42.
Ng1 Bd1+ 43. Ka2 Qf6 44. Nxh3 Bg4 45. Na4 Re1 46. Rb3 Bc8 47. g4 Qf1 48. Ng5+
Kg8 49. Rc3 Ra1+ 50. Kb3 Bxg5 51. Qh5 Qd1+ 52. Rc2 Rxa4 53. Qxg5+ Kf7 54. Qh5+
Kg7 55. Qg5+ Kf7 56. Qh5+ Ke7 57. Qh7+ Kd8 58. Qh2 Qd3+ 59. Rc3 Qd1+ 60. Rc2 Bd7
61. g5 Qd3+ 62. Rc3 Qd1+ 63. Rc2 Rb4+ 64. Ka2 Ba4 65. Qh8+ Kc7 66. Qg7+ Kb8 67.
Qf6 Bb3+ 68. Ka3 Qa1# 0-1

[Event "FIDE World Bl Team Final"]
[Site "London ENG"]
[Date "2025.06.15"]
[Round "2.2"]
[White "Yakubboev, Nodirbek"]
[Black "Gledura, Benjamin"]
[Result "1-0"]
[WhiteTitle "GM"]
[BlackTitle "GM"]
[WhiteElo "2659"]
[BlackElo "2668"]
[WhiteTeam "C1 Uzbekistan"]
[BlackTeam "A2 Ashdod Elit Chess Club"]
[WhiteFideId "14203987"]
[BlackFideId "712779"]
[EventDate "2025.06.15"]
[EventType "team-k.o. (blitz)"]

1. d4 Nf6 2. c4 e6 3. Nf3 Bb4+ 4. Nbd2 O-O 5. a3 Be7 6. e4 d6 7. Be2 e5 8. dxe5
dxe5 9. Nxe5 Re8 10. O-O a5 11. Qc2 Na6 12. b3 Bd6 13. Nef3 Nc5 14. Bb2 Nfxe4
15. Nxe4 Bf5 16. Qc3 Be5 17. Nxe5 Nxe4 18. Qf3 Qd2 19. Qxf5 Qxb2 20. Qxe4 Rxe5
21. Qxb7 Rae8 22. Bd3 h5 23. h3 c5 24. a4 h4 25. Rab1 Qc3 26. Qf3 Qd2 27. Rfd1
Qg5 28. Bf1 Qe7 29. Rd5 Re6 30. Rbd1 g6 31. Qc3 Qc7 32. Qd2 Qb6 33. Rd8 Qxb3 34.
Rxe8+ Rxe8 35. Qd7 Rb8 36. Re1 Qb4 37. Re8+ Rxe8 38. Qxe8+ Kg7 39. Qb5 Kf6 40.
Qxb4 cxb4 41. f4 Ke6 42. Kf2 Kd6 43. Ke3 Kc5 44. Kd3 f6 45. Be2 g5 46. fxg5 fxg5
47. Bf1 b3 48. Kc3 b2 49. Kxb2 Kb4 50. Kc2 Kxa4 51. c5 1-0